Knowledge management value creation through organizational learning

Gespeichert in:
Bibliographische Detailangaben
1. Verfasser: North, Klaus
Weitere Verfasser: Kumta, Gita
Format: Buch
Sprache:Englisch
Veröffentlicht: Cham Springer 2014
Schriftenreihe:Business and economics
Schlagworte:
Tags: Tag hinzufügen
Keine Tags, Fügen Sie das erste Tag hinzu!

MARC

LEADER 00000nam a2200000 4500
001 0207150
005 20240314085815.8
020 |a 978-3-319-03697-7 
022 |a 2192-4333 
041 0 |a eng 
044 |a CH 
245 1 0 |a Knowledge management  |b value creation through organizational learning  |c Klaus North, Gita Kumta 
264 1 |a Cham  |b Springer  |c 2014 
300 |a 326 s. 
490 1 |a Business and economics 
830 0 |a Business and economics 
610 2 0 |a riadenie znalostí 
610 2 0 |a spoločnosť vedomostná 
610 2 0 |a vedomosti 
610 2 0 |a stratégia podniková 
610 2 0 |a technológie komunikačné 
610 2 0 |a technológie informačné 
610 2 0 |a kapitál intelektuálny 
100 1 |a North, Klaus 
700 1 |a Kumta, Gita